书目信息 |
| 题名: |
离子选择电极的原理及应用
|
|
| 作者: | 黄德培 编著 | |
| 分册: | ||
| 出版信息: | 北京 新时代出版社 1982 |
|
| 页数: | 423页 | |
| 开本: | 21cm | |
| 丛书名: | ||
| 单 册: | ||
| 中图分类: | O646.9 | |
| 科图分类: | ||
| 主题词: | 离子选择电极法--理论 , 物理化学 , 量子化学 | |
| 电子资源: | ||
| ISBN: | ||
| 000 | 00682nam0 2200253 45 | |
| 001 | 0182005357 | |
| 005 | 20061120154120.04 | |
| 010 | @dCNY1.75 | |
| 091 | @aCN@b15241.4 | |
| 100 | @a19950518d1982 emky0chiy0121 ea | |
| 101 | 0 | @achi |
| 102 | @aCN@b110000 | |
| 105 | @ay z 000yy | |
| 200 | 10 | @a离子选择电极的原理及应用@Ali zi xuan zhai dian ji de yuan li ji ying yong@f黄德培等编著 |
| 210 | @a北京@c新时代出版社@d1982 | |
| 215 | @a423页@d21cm | |
| 606 | @a离子选择电极法@x理论 | |
| 606 | 0 | @a物理化学 |
| 606 | 0 | @a量子化学 |
| 690 | @aO646.9@v3 | |
| 701 | 0 | @a黄德培@Ahuang de pei@4编著 |
| 801 | 2 | @aCN@bNLC@c20061120 |
| 801 | 0 | @aCN@bTSSF |
| 905 | @a10447@dO646.9@e5 | |
| 离子选择电极的原理及应用/黄德培等编著.-北京:新时代出版社,1982 |
| 423页;21cm |
| ISBN :CNY1.75 |
| ● |
| 相关链接 |
|
|
|
|
正题名:离子选择电极的原理及应用
索取号:O646.9/5
 
预约/预借
| 序号 | 登录号 | 条形码 | 馆藏地/架位号 | 状态 | 备注 |
| 1 | 0064219 | 202447691 | 第二样本阅览室/ [索取号:O646.9/5] | 在馆 |